Overcoming barriers to institutional investment in residential property (Record no. 107951)
[ view plain ]
| 000 -LEADER | |
|---|---|
| fixed length control field | 01506cad a22002535a 4500 |
| 001 - CONTROL NUMBER | |
| control field | L142724 |
| 008 - FIXED-LENGTH DATA ELEMENTS--GENERAL INFORMATION | |
| fixed length control field | 080304e20080228xxkd f 000 0 eng d |
| 020 ## - INTERNATIONAL STANDARD BOOK NUMBER | |
| International Standard Book Number | 9781847811424 |
| 035 ## - SYSTEM CONTROL NUMBER | |
| System control number | (Sirsi) u142724 |
| 041 0# - LANGUAGE CODE | |
| Language code of text/sound track or separate title | eng |
| 050 04 - LIBRARY OF CONGRESS CALL NUMBER | |
| Classification number | 332.6324 $2 18 |
| 100 1# - MAIN ENTRY--PERSONAL NAME | |
| Personal name | Daly, Jacqui |
| 245 00 - TITLE STATEMENT | |
| Title | Overcoming barriers to institutional investment in residential property |
| Medium | [electronic resource] |
| 260 ## - PUBLICATION, DISTRIBUTION, ETC. | |
| Place of publication, distribution, etc. | London |
| Name of publisher, distributor, etc. | BPF |
| Date of publication, distribution, etc. | 2008 |
| 490 #0 - SERIES STATEMENT | |
| Series statement | GLA Economics Working Paper |
| Volume/sequential designation | (29) |
| 520 ## - SUMMARY, ETC. | |
| Summary, etc. | Considers ways in which new rental-only homes adhering to planning guidance could lower house prices. This could help drive up investment in the residential sector. Outlines this, and other reasons why investment from large institutions is appealing to policy makers. Economies of scale can be accessed and stable income returns harnessed. Considers the barriers to be overcome in involving such institutions in housing development. These include relatively low income and the relative uncertainty of the income. Considers possible solutions to this, including the structuring of housing investment as a commercial investment the establishment of a build to let sector. |
| 521 2# - TARGET AUDIENCE NOTE | |
| Target audience note | Advanced |
| 590 ## - LOCAL NOTE (RLIN) | |
| Local note | KA NTK |
| 651 #4 - SUBJECT ADDED ENTRY--GEOGRAPHIC NAME | |
| Geographic name | United Kingdom |
| Chronological subdivision | |
| 690 ## - LOCAL SUBJECT ADDED ENTRY--TOPICAL TERM (OCLC, RLIN) | |
| Topical term or geographic name as entry element | PROPERTY-RESIDENTIAL PROPERTY-RESIDENTIAL PROPERTY FINANCE AND INVESTMENT |
| 710 2# - ADDED ENTRY--CORPORATE NAME | |
| Corporate name or jurisdiction name as entry element | Savills |
| 9 (RLIN) | 2020 |
| 856 41 - ELECTRONIC LOCATION AND ACCESS | |
| Uniform Resource Identifier | <a href="https://www.reita.org/live/Knowledge_centre/lib_property_UK.html?37">https://www.reita.org/live/Knowledge_centre/lib_property_UK.html?37</a> |
| Public note | View the item free of charge at www.reita.org... |
| 942 ## - ADDED ENTRY ELEMENTS (KOHA) | |
| Suppress in OPAC | 0 |
| Withdrawn status | Lost status | Source of classification or shelving scheme | Damaged status | Not for loan | Home library | Current library | Shelving location | Date acquired | Total Checkouts | Full call number | Barcode | Date last seen | Copy number | Price effective from | Koha item type |
|---|---|---|---|---|---|---|---|---|---|---|---|---|---|---|---|
| Dewey Decimal Classification | Virtual | Virtual | Online | 04/03/2008 | ONLINE PUBLICATION | 142724-1001 | 06/08/2019 | 1 | 06/08/2019 | Book |